[Event "Luxembourg-chT 1415"]
[Site "Luxembourg"]
[Date "2014.10.19"]
[Round "2"]
[White "Cerasi, Umberto"]
[Black "Ajdarpasic, Kemal"]
[Result "1/2-1/2"]
[WhiteElo "2003"]
[BlackElo "2031"]
[PlyCount "122"]
[EventDate "2014.10.05"]
[EventType "team-tourn"]
[EventRounds "10"]
[EventCountry "LUX"]
[SourceTitle "EXT 2017"]
[Source "ChessBase"]
[SourceDate "2016.10.25"]
[SourceVersion "1"]
[SourceVersionDate "2016.10.25"]
[SourceQuality "1"]

1. d4 Nf6 2. c4 g6 3. Nc3 d5 4. Nf3 Bg7 5. Bg5 c6 6. e3 Ne4 7. Nxe4 dxe4 8. Nd2 f5 9. g4 Qa5 10. h4 h6 11. Bf4 e5 12. dxe5 Nd7 13. e6 Ne5 14. gxf5 Nf3+ 15. Ke2 Qxd2+ 16. Qxd2 Nxd2 17. Kxd2 gxf5 18. Kc2 Bxe6 19. Rd1 Kf7 20. Be2 Rhd8 21. b3 Rxd1 22. Kxd1 Rd8+ 23. Kc2 Rd7 24. Rg1 Kf8 25. Bb8 a6 26. Ba7 Kg8 27. Bd4 Kh7 28. Bxg7 Rxg7 29. Rxg7+ Kxg7 30. c5 Kf6 31. Kc3 Ke7 32. Kb4 Kd8 33. Ka5 Kc7 34. Bc4 Bc8 35. a3 Bd7 36. Kb4 Kd8 37. Kc3 Ke7 38. Kd4 Kf6 39. b4 Be6 40. Be2 Bd7 41. a4 Bc8 42. f3 exf3 43. Bxf3 Bd7 44. b5 axb5 45. axb5 Ke6 46. Bg2 Kf6 47. b6 Bc8 48. Bf3 Bd7 49. Bh5 Ke6 50. Bf3 Kf6 51. Bg2 Bc8 52. Bh3 Be6 53. Bg2 Bd7 54. e4 fxe4 55. Kxe4 Bc8 56. Kf4 Bd7 57. Bf3 Bc8 58. Bh5 Bh3 59. Be8 Bc8 60. Ke4 Bf5+ 61. Kd4 Bc8 1/2-1/2

[Event "Luxembourg-chT 1314"]
[Site "Luxembourg"]
[Date "2014.04.27"]
[Round "10"]
[White "Birtz, Claude"]
[Black "Ajdarpasic, Kemal"]
[Result "1/2-1/2"]
[WhiteElo "1811"]
[BlackElo "2031"]
[PlyCount "62"]
[EventDate "2013.10.05"]
[EventType "team-tourn"]
[EventRounds "10"]
[EventCountry "LUX"]
[SourceTitle "EXT 2017"]
[Source "ChessBase"]
[SourceDate "2016.10.25"]
[SourceVersion "1"]
[SourceVersionDate "2016.10.25"]
[SourceQuality "1"]

1. d4 Nf6 2. c4 g6 3. Nc3 d5 4. e3 Bg7 5. Nf3 Bg4 6. h3 Be6 7. Ng5 Bc8 8. cxd5 Nxd5 9. Bc4 e6 10. Nf3 Nxc3 11. bxc3 c5 12. 0-0 cxd4 13. cxd4 0-0 14. Rb1 b6 15. Ba3 Re8 16. Bb5 Bd7 17. Qe2 Bxb5 18. Qxb5 Qd7 19. Rfc1 Qxb5 20. Rxb5 Na6 21. Rb2 Bf8 22. Bxf8 Kxf8 23. a3 f6 24. Rbc2 Ke7 25. Rc6 Kd7 26. Kf1 Rac8 27. Rxc8 Rxc8 28. Rxc8 Kxc8 29. Ke2 Kc7 30. Kd3 Kc6 31. Kc3 Kd5 1/2-1/2

[Event "Luxembourg-chT 1314"]
[Site "Luxembourg"]
[Date "2014.03.30"]
[Round "9"]
[White "Guidoreni, Jean"]
[Black "Ajdarpasic, Kemal"]
[Result "1-0"]
[WhiteElo "1775"]
[BlackElo "2031"]
[PlyCount "88"]
[EventDate "2013.10.05"]
[EventType "team-tourn"]
[EventRounds "10"]
[EventCountry "LUX"]
[SourceTitle "EXT 2017"]
[Source "ChessBase"]
[SourceDate "2016.10.25"]
[SourceVersion "1"]
[SourceVersionDate "2016.10.25"]
[SourceQuality "1"]

1. e4 e5 2. Nf3 d6 3. d4 exd4 4. Nxd4 Nf6 5. Nc3 Nc6 6. Nxc6 bxc6 7. Bc4 Be6 8. Qe2 Be7 9. 0-0 Bxc4 10. Qxc4 Qd7 11. Be3 0-0 12. Rad1 Ng4 13. Bf4 Bf6 14. h3 Ne5 15. Bxe5 Bxe5 16. b3 Bxc3 17. Qxc3 Qe8 18. Rfe1 f6 19. Qa5 Qe7 20. c4 c5 21. Rd5 Rfd8 22. Re3 c6 23. Rd1 Rac8 24. Qd2 Qe5 25. Rd3 Qxe4 26. Rxd6 Re8 27. Rd7 a6 28. Qa5 Re7 29. Rxe7 Qxe7 30. Qxa6 Qc7 31. Qa3 Qe5 32. Qa6 Qc7 33. Re1 Rd8 34. Qa3 Qd6 35. Qa7 Kf8 36. a4 Rd7 37. Qb6 Re7 38. Rxe7 Kxe7 39. a5 Qd2 40. Kh2 Qd6+ 41. g3 Qd4 42. Kg1 Qd1+ 43. Kg2 Qd6 44. a6 Kd7 1-0

[Event "Luxembourg-chT 1314"]
[Site "Luxembourg"]
[Date "2014.02.09"]
[Round "7"]
[White "Goerens, Jean Paul"]
[Black "Ajdarpasic, Kemal"]
[Result "1-0"]
[WhiteElo "1986"]
[BlackElo "2031"]
[PlyCount "81"]
[EventDate "2013.10.05"]
[EventType "team-tourn"]
[EventRounds "10"]
[EventCountry "LUX"]
[SourceTitle "EXT 2017"]
[Source "ChessBase"]
[SourceDate "2016.10.25"]
[SourceVersion "1"]
[SourceVersionDate "2016.10.25"]
[SourceQuality "1"]

1. e4 e5 2. Nf3 Nc6 3. Bc4 Nf6 4. d4 Nxe4 5. dxe5 Be7 6. Qd5 0-0 7. Qxe4 d6 8. 0-0 dxe5 9. Nxe5 Nxe5 10. Qxe5 Bd6 11. Qg5 Be7 12. Qd5 Bd6 13. Bg5 Qd7 14. Qf3 h6 15. Bf4 Be7 16. Nc3 c6 17. Rad1 Qf5 18. Bd6 Qxf3 19. gxf3 Bxd6 20. Rxd6 Bh3 21. Re1 Rae8 22. Rxe8 Rxe8 23. Rd1 Re5 24. Kh1 b5 25. Bf1 Bf5 26. Bd3 Bh3 27. Ne2 Rg5 28. Rg1 Re5 29. f4 Rc5 30. Rg3 Be6 31. Re3 Kf8 32. b4 Rh5 33. a3 c5 34. Re5 Rxe5 35. fxe5 cxb4 36. axb4 a6 37. Kg2 Ke7 38. Kf3 Kd8 39. Ke4 Kc7 40. Kd4 Kb6 41. Nc3 1-0